000 00676cam a2200229 4500
001 B2285
008 090401t1989 xxu||||| |||| 00| 0 eng d
035 _a(Sirsi) u49097
041 _aeng
050 _a331.281333
110 _aSurveyors Appointments Service (MacLeay`s) Limited
_92891
245 _aSalary survey January 1989 (reflecting salaries paid in 1988)
260 _aLondon
_bSurveyors Appointments Services (MacLeay
_c1989
300 _a7,(9) leaves ; 30cm.
350 _a115
520 _aShelved at reserve collection shelf 303.
650 _aABOUT RICS-RICS MEMBERS
650 _aSALARIES
650 _aSURVEYORS
942 _n0
948 _c04/03/1997
999 _c92485
_d92485